Né en Grand Est (sans Strasbourg) - Statistiques

Statistiques générales
  • Ce quiz a été pris 43 fois
    5 depuis la dernière actualisation
  • Le résultat moyen est 5 sur 37
Statistiques - réponses
Indication Réponse % Correct
Héroïne de l'histoire de France et sainte de l'Église catholique, "la Pucelle d'Orléans" Domrémy 1412 Jeanne d'Arc
60%
Pilote de rallye qui remporte le championnat du monde des rallyes neuf fois consécutivement de 2004 à 2012 Haguenau 1974 Sébastien Loeb
60%
Chanteur et ancien joueur de tennis, il a notamment remporté le tournoi de Roland-Garros en 1983 Sedan 1960 Yannick Noah
60%
Officier français de confession juive, il est un personne centrale d'un affaire important de la troisième république Mulhouse 1859 Alfred Dreyfus
40%
Encyclopédiste, écrivain et philosophe, "Jacques le Fataliste et son maître" "L'Encyclopédie" Langres 1713 Denis Diderot
40%
Président du sénat français en 1893 et promoteur de l'école publique laïque, gratuite et obligatoire Saint-Dié-des-Vosges 1832 Jules Ferry
40%
Écrivain et poète, archétype du poète maudit Metz 1844 Paul Verlaine
40%
Président de France de 1932 à 1940 Mercy-le-Haut 1871 Albert Lebrun
20%
Auteur de bande dessinée qui crée "Astérix" avec René Goscinny Fismes 1927 Albert Uderzo
20%
Épouse du président de France de 1981 à 1995 Verdun 1924 Danielle Mitterand
20%
Actrice, "Le Fabuleux Destin d'Amélie Poulain" "Tatie Danielle" "Astérix et Obélix: Mission Cléopâtre" Verdun 1962 Isabelle Nanty
20%
Homme d'État français et l'un des principaux ministres de Louis XIV, inspirateur et promoteur d'une politique économique mercantiliste Reims 1619 Jean-Baptiste Colbert
20%
Ancien footballeur international français (Juventus, Saint-Étienne et Nancy) et président d'UEFA de 2007 à 2015 Joeuf 1955 Michel Platini
20%
Ancien footballeur français (Arsenal, Villarreal, Marseille et Metz) Reims 1973 Robert Pirès
20%
Ancien joueur de handballe au poste de gardien de but (Kiel, Montpellier et PSG) Cernay 1976 Thierry Omeyer
20%
Handballeur international français au poste de gardien de but (Kiel) Woippy 1986 Vincent Gérard
20%
Acteur, "Anatomie d'une chute" "120 Battements par minute" Essey-lès-Nancy 1985 Antoine Reinartz
0%
Skieur alpin et champion olympique de slalom en 2022 Remiremont 1997 Clément Noël
0%
Créateur de jeux vidéo et fondateur du studio Quantic Dream (Detroit: Decome Human et Beyond: Two Souls) Mulhouse 1969 David Cage
0%
Footballeur international français (Toulouse) qui remporte la Coupe du monde 2018 avec l'équipe de France Troyes 1992 Djibril Sidibé
0%
Ancienne footballeuse internationale française (PSG, Lyon, Wolfsbourg et Barcelone) Sedan 1985 Élise Bussaglia
0%
Actrice, "Amour" "Hiroshima mon amour" Cheniménil 1927 Emmanuelle Riva
0%
Biathlète, vice-champion olympique du relais en 2022 et champion du monde de la discipline en 2023 Épinal 1994 Fabien Claude
0%
Footballeuse internationale française (Paris FC) Troyes 1985 Gaetane Thiney
0%
Footballeur français (Eintracht Frankfurt) Reims 2002 Hugo Ekitike
0%
Scientifique et l'un des deux premiers aéronautes de l'histoire Metz 1754 Jean-François Pilâtre de Rozier
0%
Réalisateur, "La Gendarme de Saint-Tropez" "Les Grandes Vacances" Villenauxe-la-Grande 1924 Jean Girault
0%
Chimiste et co-lauréats du prix Nobel de chimie de 1987 Rosheim 1939 Jean-Marie Lehn
0%
Économiste qui reçoit le "Prix Nobel d'économie" en 2014 Troyes 1953 Jean Tirole
0%
Joueur international français de basket-ball (Lyon-Villeurbanne et ancien joueur dans la NBA) Mulhouse 1991 Joffrey Lauvergne
0%
Footballeur international sénégalais (Naples et Chelsea) Saint-Dié-des-Vosges 1991 Kalidou Koulibaly
0%
Coureuse cycliste et championne olympique de cross-country 2024 Reims 1992 Pauline Ferrand-Prévot
0%
Directeur de la photographie et vainquer d'Oscar et César, "Les Animaux fantastiques" "Sherlock Holmes" "Constantine" Briey 1945 Philippe Rousselot
0%
Réalisateur, "Indochine" "La Femme de ma vie" "Est-Ouest" Metz 1948 Régis Wargnier
0%
Joueur de tennis Metz 1998 Ugo Humbert
0%
Pope de l'Église catholique (1261 à 1264) Troyes 1195 Urbain IV
0%
Réalisateur américain d'origines suisse et allemande, "Vacances romaines" "Ben-Hur" "Les Plus Belles Années de notre vie" Mulhouse 1902 William Wyler
0%
Aucun quiz correspondant
Distribution des résultats
% des personnes avec chaque résultat
Percentile par nombre de réponses
Votre historique - résultats
Vous n’avez pas pris ce quiz depuis la dernière actualisation